Statistics for Where Are They - Landmarks #2

Click here to take the quiz!

General Stats

  • This quiz has been taken 68 times
  • The average score is 8 of 10

Answer Stats

HintAnswer% Correct
Empire State Building, Statue of Liberty, Times Square New York
100%
Parthenon, Érechthéion, Temple of Hephaestus Athens
93%
Anne Frank House, The Oude Kerk, The Magere BrugAmsterdam
88%
Kilmainham Gaol, St Patrick's Cathedral, Guinness Storehouse Dublin
88%
Tivoli Gardens, The Little Mermaid, Rosenborg Castle Copenhagen
81%
El Ángel de la Independencia, Zócalo, Chapultepec Castle Mexico City
76%
Gateway Of India, Haji Ali Dargah, Elephanta Island Mumbai
74%
Hassan II Mosque, Rick's Café, Parc de la Ligue ArabeCasablanca
71%
Gyeongbokgung Palace, Gwanghwamun Plaza, ChangdeokgungSeoul
57%
Huaca Pucllana, Larco Museum, Plaza De Armas De *Lima
38%

Score Distribution

Percentile by Number Answered

Percent of People with Each Score

Your Score History

You have not taken this quiz